[Event "XIII C.to Italiano U20"]
[Site "Bratto - Castione della Presolana ITA"]
[Date "2005.08.28"]
[Round "9"]
[White "Tomassini, Ubaldo"]
[Black "Reginato, Mauro"]
[Result "1-0"]
[WhiteElo "1772"]
[BlackElo "1679"]
[PlyCount "59"]
[EventDate "2005.08.20"]

1.e4 e5 2.Nf3 Nc6 3.Bb5 a6 4.Ba4 Nf6 5.O-O b5 6.Bb3 Be7 7.Re1 O-O 8.c3 d5 
9.exd5 Nxd5 10.Nxe5 Nxe5 11.Rxe5 c6 12.Bxd5 cxd5 13.d4 Bd6 14.Re1 Qh4 15.
g3 Qh3 16.Qf3 Bg4 17.Qxd5 Rae8 18.Be3 h5 19.Nd2 Re6 20.Qg2 h4 21.Qxh3 Bxh3
22.Nf3 hxg3 23.hxg3 Rg6 24.Nh4 Rxg3+ 25.fxg3 Bxg3 26.Re2 f5 27.Bf2 Bxf2+ 
28.Kxf2 g5 29.Nf3 g4 30.Ng5 1-0

[Event "XIII C.to Italiano U20"]
[Site "Bratto - Castione della Presolana ITA"]
[Date "2005.08.28"]
[Round "9"]
[White "Truzzi, Stefano"]
[Black "Bartolini, Leonardo"]
[Result "0-1"]
[WhiteElo "1518"]
[BlackElo "1580"]
[PlyCount "106"]
[EventDate "2005.08.20"]

1.d4 d5 2.Nf3 Bf5 3.e3 e6 4.g3 Nf6 5.Nbd2 Be7 6.Bg2 O-O 7.O-O c5 8.c3 Nc6 
9.Re1 Rc8 10.Nh4 Bg4 11.Bf3 Bxf3 12.Qxf3 Nd7 13.Ng2 Qc7 14.Qd1 b5 15.b3 b4
16.Nf3 bxc3 17.Re2 cxd4 18.exd4 Bf6 19.Be3 Qb6 20.Rc1 Nb4 21.a3 Na6 22.b4 
Rc4 23.Rec2 Rfc8 24.Qd3 Qc6 25.Nf4 Nb6 26.Qe2 Na4 27.Nd3 Qb7 28.Nfe5 Bxe5 
29.Nxe5 R4c7 30.Rb1 f6 31.Nd3 Qb5 32.Nc5 Qxe2 33.Rxe2 N4xc5 34.dxc5 e5 35.
Rc2 d4 36.Bc1 Rd8 37.Ra2 d3 38.Be3 c2 39.Rf1 d2 40.Rxc2 d1=Q 41.Rxd1 Rxd1+
42.Kg2 Rd5 43.Rb2 Kf7 44.c6 Rb5 45.Rc2 Ke6 46.Rd2 Rd5 47.Rb2 Rb5 48.Rc2 
Kd6 49.Rd2+ Kxc6 50.g4 Rd7 51.Rc2+ Kb7 52.Kg3 Rd3 53.Rd2 Rbd5 0-1

[Event "XXV Festival Conca della Presolana A"]
[Site "Bratto - Castione della Presolana ITA"]
[Date "2005.08.20"]
[Round "1"]
[White "Aglietti, Graziano"]
[Black "Costantini, Roberto"]
[Result "0-1"]
[WhiteElo "2048"]
[BlackElo "2291"]
[PlyCount "64"]
[EventDate "2005.08.20"]

1. d4 Nf6 2. Nf3 d5 3. c4 e6 4. Nc3 c6 5. e3 Nbd7 6. cxd5 exd5 7. Bd3 Bd6 8.
O-O O-O 9. Re1 Re8 10. Qc2 c5 11. Bd2 a6 12. e4 c4 13. Bf1 dxe4 14. Nxe4 Nxe4
15. Rxe4 Rxe4 16. Qxe4 Nf6 17. Qh4 b5 18. Bg5 Bb7 19. Ne5 Be7 20. Re1 h6 21.
Bxh6 gxh6 22. Qg3+ Kf8 23. Qf4 Kg7 24. Re3 Qh8 25. Rg3+ Kf8 26. Rh3 h5 27. g4
Qg7 28. g5 Nd5 29. Qf5 Qxg5+ 30. Qxg5 Bxg5 31. Rxh5 Bf4 32. Nxf7 Nf6 0-1

[Event "XXV Festival Conca della Presolana A"]
[Site "Bratto - Castione della Presolana ITA"]
[Date "2005.08.20"]
[Round "1"]
[White "Agnelli, Francesco"]
[Black "Guido, Flavio"]
[Result "0-1"]
[WhiteElo "2055"]
[BlackElo "2305"]
[PlyCount "142"]
[EventDate "2005.08.20"]

1. e4 c5 2. Nf3 e6 3. d4 cxd4 4. Nxd4 Nf6 5. Nc3 d6 6. Be3 a6 7. f3 b5 8. Qd2
Nbd7 9. O-O-O Bb7 10. g4 Nb6 11. g5 Nfd7 12. Bd3 Rc8 13. Kb1 Ne5 14. Qg2 Rxc3
15. bxc3 Na4 16. Ne2 Qc7 17. f4 Nd7 18. Rhe1 Be7 19. Qg4 d5 20. exd5 Bxd5 21.
Bd4 Qd6 22. Kc1 O-O 23. Qh5 g6 24. Qh6 e5 25. fxe5 Nxe5 26. Rf1 Re8 27. Nf4 Bf8
28. Qh3 Bxa2 29. Rde1 Bg7 30. Qg3 Rc8 31. Qe3 Ng4 32. Qe7 Qxe7 33. Rxe7 Nxh2
34. Rfe1 Bxd4 35. cxd4 Kf8 36. Ra7 Nf3 37. Rh1 Nxg5 38. Rxa6 Bc4 39. Bxc4 Rxc4
40. Rf1 Rxd4 41. Nd3 Kg7 42. Ra7 Rd5 43. Nf4 Rd6 44. Nd3 h5 45. Ne5 Rf6 46.
Rxf6 Kxf6 47. Nd7+ Kf5 48. c4 Nc3 49. cxb5 h4 50. b6 h3 51. b7 h2 52. b8=Q
h1=Q+ 53. Kc2 Nce4 54. Ra5+ Kg4 55. Ne5+ Kh3 56. Ra3+ Kg2 57. Nd3 Qf1 58. Nf4+
Kg1 59. Qb6+ Qf2+ 60. Qxf2+ Kxf2 61. Nd3+ Ke3 62. Ne5+ Kf4 63. Nd7 Nf3 64. Kd1
g5 65. Ke2 g4 66. Nb6 Nfd2 67. Nd5+ Kg5 68. Ne3 g3 69. Ra5+ Kh4 70. Rf5 f6 71.
Rf4+ Kh3 0-1

[Event "XXV Festival Conca della Presolana A"]
[Site "Bratto - Castione della Presolana ITA"]
[Date "2005.08.20"]
[Round "1"]
[White "Andreoli, Renato"]
[Black "Papa, Angelo"]
[Result "1-0"]
[WhiteElo "2154"]
[BlackElo "1932"]
[PlyCount "65"]
[EventDate "2005.08.20"]

1. Nf3 Nf6 2. g3 d6 3. d4 c6 4. c4 Bg4 5. Bg2 Nbd7 6. Nc3 e5 7. e4 Be7 8. O-O
Qc7 9. h3 Bxf3 10. Bxf3 O-O 11. Bg2 Rfe8 12. Be3 Rad8 13. Rc1 Qa5 14. Re1 Bf8
15. d5 cxd5 16. cxd5 Rc8 17. Rb1 a6 18. b4 Qd8 19. Qb3 Nb6 20. Bf1 Na8 21. Rec1
Nd7 22. a4 Qe7 23. a5 Red8 24. Na4 g6 25. b5 Nc5 26. Nxc5 dxc5 27. bxa6 bxa6
28. Bxa6 Rb8 29. Qxb8 Rxb8 30. Rxb8 Qa7 31. Rxf8+ Kg7 32. Bf1 Nc7 33. Rc8 1-0

[Event "XXV Festival Conca della Presolana A"]
[Site "Bratto - Castione della Presolana ITA"]
[Date "2005.08.20"]
[Round "1"]
[White "Ardaman, Miles"]
[Black "Cereda, Loris"]
[Result "1-0"]
[WhiteElo "2308"]
[BlackElo "2059"]
[PlyCount "64"]
[EventDate "2005.08.20"]

1. b4 e5 2. Bb2 Bxb4 3. Bxe5 Nf6 4. Nf3 d5 5. e3 Nbd7 6. Bb2 O-O 7. Be2 Bd6 8.
a4 c5 9. O-O Re8 10. Na3 Qe7 11. Re1 Nf8 12. c4 Be6 13. Qb3 dxc4 14. Bxc4 b6
15. h3 Rad8 16. Rad1 h6 17. d4 Ne4 18. Nb5 Bb8 19. Nc3 Ng5 20. Nxg5 Qxg5 21.
Bxe6 Nxe6 22. d5 Qe5 23. dxe6 Qh2+ 24. Kf1 fxe6 25. Rxd8 Rxd8 26. Qxe6+ Kh8 27.
Nd5 Qh1+ 28. Ke2 Qxg2 29. Qxh6+ Kg8 30. Qe6+ Kh8 31. e4 Rf8 32. Rf1 Bg3 1-0

[Event "XXV Festival Conca della Presolana A"]
[Site "Bratto - Castione della Presolana ITA"]
[Date "2005.08.20"]
[Round "1"]
[White "Astengo, Corrado"]
[Black "Drasko, Milan"]
[Result "0-1"]
[WhiteElo "2129"]
[BlackElo "2516"]
[PlyCount "58"]
[EventDate "2005.08.20"]

1. e4 e6 2. d4 d5 3. Nc3 Bb4 4. e5 Ne7 5. a3 Bxc3+ 6. bxc3 c5 7. Nf3 h6 8. Bd3
b6 9. Be3 Qc7 10. Qd2 Ba6 11. h4 Bxd3 12. Qxd3 Nd7 13. a4 Rc8 14. O-O O-O 15.
Rfc1 f6 16. Bf4 fxe5 17. Bxe5 Nxe5 18. Nxe5 Nf5 19. h5 cxd4 20. cxd4 Qc3 21.
Nf3 Nd6 22. Ne5 Ne4 23. f3 Ng3 24. Re1 Nxh5 25. Ng4 Qxc2 26. Qxc2 Rxc2 27. Rac1
Rfc8 28. Rxc2 Rxc2 29. Rxe6 Rxg2+ 0-1

[Event "XXV Festival Conca della Presolana A"]
[Site "Bratto - Castione della Presolana ITA"]
[Date "2005.08.20"]
[Round "1"]
[White "Atalik, Suat"]
[Black "Buono, Michele"]
[Result "1-0"]
[WhiteElo "2561"]
[BlackElo "2133"]
[PlyCount "122"]
[EventDate "2005.08.20"]

1. d4 d5 2. c4 c6 3. e3 Nf6 4. Nc3 e6 5. b3 Bd6 6. Bb2 Nbd7 7. Nf3 O-O 8. Bd3
Re8 9. Qc2 b6 10. cxd5 exd5 11. O-O Bb7 12. Rfe1 Rc8 13. Rad1 Bb8 14. Bf5 Qc7
15. g3 Rcd8 16. b4 a6 17. a4 b5 18. a5 Qd6 19. Ba3 Bc7 20. Ra1 Re7 21. Nd2 h5
22. e4 dxe4 23. Ncxe4 Nxe4 24. Nxe4 Qxd4 25. Rad1 Qe5 26. Rxd7 Rdxd7 27. Bxd7
c5 28. Qxc5 Qxc5 29. bxc5 Rxd7 30. Bb4 Rd4 31. Ng5 Bc6 32. Rb1 Bd8 33. f4 Be7
34. Kf1 Rc4 35. Ke2 f6 36. Nh3 Bxc5 37. Bxc5 Rxc5 38. Nf2 Rc2+ 39. Ke3 Ra2 40.
Rc1 Bd7 41. Ne4 Rxa5 42. Nd6 Ra2 43. f5 b4 44. Rc7 Ba4 45. Rc8+ Kh7 46. h4 b3
47. g4 b2 48. g5 Ra3+ 49. Kf2 g6 50. Rc7+ Kh8 51. Nf7+ Kg7 52. Nh6+ Kf8 53.
fxg6 Ke8 54. Rb7 Rb3 55. g7 Rxb7 56. g8=Q+ Kd7 57. Qh7+ Kc6 58. Qb1 fxg5 59.
hxg5 Kd6 60. Nf5+ Kd5 61. g6 Bd7 1-0

[Event "XXV Festival Conca della Presolana A"]
[Site "Bratto - Castione della Presolana ITA"]
[Date "2005.08.20"]
[Round "1"]
[White "Baldazzi, Stefano"]
[Black "Forato, Enrico"]
[Result "1-0"]
[WhiteElo "2165"]
[BlackElo "1974"]
[PlyCount "63"]
[EventDate "2005.08.20"]

1. c4 e5 2. g3 g6 3. Bg2 Bg7 4. Nc3 f5 5. d3 Nf6 6. e4 O-O 7. Nge2 d6 8. O-O c6
9. exf5 gxf5 10. d4 e4 11. d5 c5 12. Nf4 Ng4 13. Bd2 Ne5 14. Qe2 Na6 15. a3 Nc7
16. Rac1 Bd7 17. Rfd1 a6 18. Be3 Bh6 19. b4 b6 20. Rb1 Rb8 21. bxc5 bxc5 22.
Rxb8 Qxb8 23. Rb1 Qa8 24. Rb6 Ne8 25. Ne6 Rf6 26. Bxh6 Rxh6 27. Nxc5 Qa7 28.
Nxd7 Nxd7 29. Rc6 Qb7 30. Qe3 Kg7 31. Qg5+ Rg6 32. Qe7+ 1-0

[Event "XXV Festival Conca della Presolana A"]
[Site "Bratto - Castione della Presolana ITA"]
[Date "2005.08.20"]
[Round "1"]
[White "Bartolozzi, Roberto"]
[Black "Drazic, Sinisa"]
[Result "0-1"]
[WhiteElo "2126"]
[BlackElo "2497"]
[PlyCount "80"]
[EventDate "2005.08.20"]

1. Nf3 d6 2. d4 Bg4 3. e4 Nf6 4. Nc3 e6 5. Be2 a6 6. a4 Be7 7. Be3 O-O 8. O-O
Nc6 9. Qd2 h6 10. h3 Bxf3 11. Bxf3 d5 12. exd5 exd5 13. Ne2 Bd6 14. Rae1 Re8
15. Bf4 Ne4 16. Bxe4 dxe4 17. c3 Na5 18. Bxd6 cxd6 19. Ng3 d5 20. Qf4 Qg5 21.
Qxg5 hxg5 22. f3 e3 23. Nf5 Nc4 24. Re2 g6 25. Ng3 f5 26. Rfe1 Kf7 27. Nf1 f4
28. Nh2 Rac8 29. Ng4 Rc7 30. g3 Nd6 31. Ne5+ Rxe5 32. dxe5 Nf5 33. gxf4 gxf4
34. Rd1 Ke6 35. Kg2 Kxe5 36. Kh2 Nh4 37. Rf1 Rh7 38. Kg1 Rh5 39. Kh2 Rg5 40.
Rxe3+ fxe3 0-1

[Event "XXV Festival Conca della Presolana A"]
[Site "Bratto - Castione della Presolana ITA"]
[Date "2005.08.20"]
[Round "1"]
[White "Bellia, Fabrizio"]
[Black "Vinciguerra, Marco"]
[Result "1-0"]
[WhiteElo "2375"]
[BlackElo "2096"]
[PlyCount "51"]
[EventDate "2005.08.20"]

1. e4 d5 2. exd5 Nf6 3. Bb5+ c6 4. dxc6 bxc6 5. Bc4 e5 6. d3 Bc5 7. Nf3 O-O 8.
O-O Bg4 9. h3 Bxf3 10. Qxf3 Qc7 11. Bg5 Nbd7 12. Nd2 Rab8 13. Bb3 Be7 14. Nc4
Nc5 15. Rfe1 Rb5 16. Bd2 Nfd7 17. Bc3 Nxb3 18. axb3 f6 19. Ra6 Nb6 20. Rea1 Ra8
21. Ba5 Rb8 22. Bd2 Nxc4 23. dxc4 e4 24. Qxe4 Re5 25. Qf3 Qb7 26. Rxa7 1-0

[Event "XXV Festival Conca della Presolana A"]
[Site "Bratto - Castione della Presolana ITA"]
[Date "2005.08.20"]
[Round "1"]
[White "Bentivegna, Francesco"]
[Black "Ricci, Alfredo"]
[Result "1-0"]
[WhiteElo "2225"]
[BlackElo "2015"]
[PlyCount "39"]
[EventDate "2005.08.20"]

1. e4 e6 2. d4 d5 3. Nc3 dxe4 4. Nxe4 Nd7 5. Nf3 Ngf6 6. Nxf6+ Nxf6 7. c3 Be7
8. Ne5 O-O 9. Be3 c5 10. Bd3 cxd4 11. Bxd4 Qd5 12. Qe2 a6 13. O-O-O Qxa2 14.
Bb1 Qa5 15. Rd3 Qc7 16. Rg3 b5 17. Qf3 Bb7 18. Rxg7+ Kxg7 19. Qg3+ Ng4 20.
Qxg4+ 1-0

[Event "XXV Festival Conca della Presolana A"]
[Site "Bratto - Castione della Presolana ITA"]
[Date "2005.08.20"]
[Round "1"]
[White "Bertagia, Roldano"]
[Black "Pace, Pietro Dario"]
[Result "0-1"]
[WhiteElo "2002"]
[BlackElo "2198"]
[PlyCount "102"]
[EventDate "2005.08.20"]

1. e4 c5 2. Nf3 Nc6 3. d4 cxd4 4. Nxd4 Nf6 5. Nc3 e5 6. Nxc6 bxc6 7. a3 Be7 8.
Bc4 O-O 9. O-O d6 10. h3 Rb8 11. b4 a5 12. bxa5 Qxa5 13. Qd3 Bb7 14. Bd2 Qc7
15. Rfb1 Rfd8 16. Be3 Ba8 17. Na4 c5 18. f3 Rxb1+ 19. Rxb1 d5 20. exd5 Nxd5 21.
Bf2 Nf4 22. Qf5 Bf8 23. Nc3 g6 24. Qg4 Kg7 25. Be3 f5 26. Qh4 Be7 27. Qf2 Qa5
28. Rb3 Nh5 29. g4 Nf4 30. Bxf4 exf4 31. gxf5 Bf6 32. Qe2 Bd4+ 33. Kg2 Be3 34.
Nb1 Rd4 35. Rb8 Rd8 36. Rxd8 Qxd8 37. Kh2 Qg5 38. Qg2 Qxf5 39. Nc3 Qe5 40. Nd1
Bd4 41. Qe2 Qf6 42. c3 Qh4 43. Qg2 Be5 44. a4 Bc6 45. a5 Ba4 46. Nf2 Bc6 47.
Nd1 Qe1 48. Nf2 Qxc3 49. Qg5 Bf6 50. Qxc5 Qxf3 51. Qa7+ Bb7 0-1

[Event "XXV Festival Conca della Presolana A"]
[Site "Bratto - Castione della Presolana ITA"]
[Date "2005.08.20"]
[Round "1"]
[White "Bonanno, Alessandro"]
[Black "Groszpeter, Attila"]
[Result "0-1"]
[WhiteElo "2132"]
[BlackElo "2525"]
[PlyCount "58"]
[EventDate "2005.08.20"]

1. e4 c5 2. Nf3 d6 3. d4 cxd4 4. Nxd4 Nf6 5. Nc3 a6 6. Bc4 e6 7. Bb3 b5 8. O-O
Be7 9. Re1 O-O 10. Qf3 Qb6 11. Be3 Qb7 12. a3 Nbd7 13. Qg3 Kh8 14. Bg5 Nc5 15.
f3 Bd7 16. Rad1 a5 17. e5 dxe5 18. Qxe5 Rfe8 19. Be3 a4 20. Ba2 b4 21. axb4
Qxb4 22. Nde2 Rec8 23. Bd4 Bc6 24. Ng3 Ncd7 25. Qg5 h6 26. Qh4 Bc5 27. Kh1 Bxd4
28. Qxd4 Qxb2 29. Nge4 Nxe4 0-1

[Event "XXV Festival Conca della Presolana A"]
[Site "Bratto - Castione della Presolana ITA"]
[Date "2005.08.20"]
[Round "1"]
[White "Bonazzi, Edoardo"]
[Black "Epishin, Vladimir V."]
[Result "0-1"]
[WhiteElo "2143"]
[BlackElo "2600"]
[PlyCount "70"]
[EventDate "2005.08.20"]

1. Nf3 g6 2. c4 Bg7 3. Nc3 c5 4. g3 Nc6 5. Bg2 Nh6 6. O-O Nf5 7. d3 O-O 8. Bd2
b6 9. a3 Bb7 10. e3 e6 11. Ne1 Rb8 12. Rb1 a5 13. Nc2 Ne5 14. e4 Nd4 15. Be3
Nec6 16. b3 f5 17. f4 d6 18. Qd2 Kh8 19. Kh1 Qd7 20. Ne1 Rbe8 21. Nf3 Qd8 22.
Nb5 Nxb5 23. cxb5 Ne7 24. Qc2 Ng8 25. Rbe1 Nf6 26. Nd2 fxe4 27. dxe4 e5 28. Nc4
Bxe4 29. Bxe4 Nxe4 30. fxe5 d5 31. Rxf8+ Rxf8 32. Rd1 h5 33. a4 h4 34. Qxe4
Rf1+ 35. Kg2 Rxd1 0-1

[Event "XXV Festival Conca della Presolana A"]
[Site "Bratto - Castione della Presolana ITA"]
[Date "2005.08.20"]
[Round "1"]
[White "Borgo, Giulio"]
[Black "Radice, Luca"]
[Result "1-0"]
[WhiteElo "2380"]
[BlackElo "2100"]
[PlyCount "39"]
[EventDate "2005.08.20"]

1. Nf3 f5 2. d3 Nf6 3. e4 fxe4 4. dxe4 d6 5. e5 Nfd7 6. Bc4 Nb6 7. Bd3 Bg4 8.
h3 Bh5 9. e6 Qc8 10. O-O Qxe6 11. Ng5 Bxd1 12. Nxe6 Bh5 13. Nxc7+ Kd8 14. Nxa8
Nxa8 15. Be3 Nc6 16. Nc3 e6 17. Nb5 a6 18. Nd4 Nc7 19. Nxc6+ bxc6 20. Bb6 1-0

[Event "XXV Festival Conca della Presolana A"]
[Site "Bratto - Castione della Presolana ITA"]
[Date "2005.08.20"]
[Round "1"]
[White "Bracali, Andrea"]
[Black "Jones, Gawain C.B."]
[Result "0-1"]
[WhiteElo "2119"]
[BlackElo "2442"]
[PlyCount "58"]
[EventDate "2005.08.20"]

1. Nf3 c5 2. c3 Nf6 3. d4 b6 4. Bf4 Bb7 5. e3 g6 6. h3 Bg7 7. Be2 O-O 8. O-O d6
9. Nbd2 Nbd7 10. a4 a6 11. Bh2 Qc7 12. Qb1 e5 13. Rc1 Rac8 14. b4 Qb8 15. Qb2
Ne4 16. Nxe4 Bxe4 17. Bxa6 Rcd8 18. Nd2 Bxg2 19. Bf1 Ba8 20. Bg2 Bxg2 21. Kxg2
Qb7+ 22. Kg1 exd4 23. cxd4 cxd4 24. exd4 Qd5 25. Nb3 Nf6 26. a5 Ne4 27. Ra3 Ng5
28. Nd2 Bxd4 29. Qb3 Bxf2+ 0-1

[Event "XXV Festival Conca della Presolana A"]
[Site "Bratto - Castione della Presolana ITA"]
[Date "2005.08.20"]
[Round "1"]
[White "Bresciani, Nicola"]
[Black "Fuggetta, Leonardo"]
[Result "1-0"]
[WhiteElo "2289"]
[BlackElo "2048"]
[PlyCount "69"]
[EventDate "2005.08.20"]

1. e4 d6 2. d4 Nf6 3. Nc3 Nbd7 4. Nf3 e5 5. Bc4 Be7 6. O-O O-O 7. h3 c6 8. a4
b6 9. Re1 a6 10. b3 Qc7 11. Bb2 Bb7 12. Qe2 b5 13. Bd3 Rfe8 14. dxe5 dxe5 15.
Nd1 Bf8 16. c4 bxa4 17. bxa4 Bb4 18. Rf1 Nh5 19. g3 a5 20. Nh4 g6 21. Ne3 Ndf6
22. Ng4 Nxg4 23. hxg4 Ng7 24. Kg2 Rad8 25. Rad1 Bc5 26. Rh1 Bd4 27. Bc1 Bc5 28.
Nf3 Bc8 29. Ng5 f6 30. Nxh7 Kf7 31. g5 f5 32. Nf6 Rh8 33. exf5 Nxf5 34. Ng4 Bd4
35. Nh6+ 1-0

[Event "XXV Festival Conca della Presolana A"]
[Site "Bratto - Castione della Presolana ITA"]
[Date "2005.08.20"]
[Round "1"]
[White "Buchicchio, Giampaolo"]
[Black "Lanzani, Giuliano"]
[Result "1-0"]
[WhiteElo "2326"]
[BlackElo "2074"]
[PlyCount "55"]
[EventDate "2005.08.20"]

1. e4 e5 2. Nf3 Nc6 3. d4 exd4 4. Nxd4 Bc5 5. Be3 Qh4 6. Nc3 Bb6 7. g3 Qf6 8.
Nd5 Qe5 9. Bg2 Nxd4 10. f4 Qd6 11. e5 Qg6 12. Bxd4 Ne7 13. Bxb6 Nxd5 14. Qxd5
Qxb6 15. O-O-O Qe6 16. Qa5 Qb6 17. Qa3 a5 18. f5 Qb4 19. Qe3 Ra6 20. a3 Qb6 21.
Qc3 O-O 22. Rhf1 f6 23. exf6 Rxf6 24. g4 d6 25. Bd5+ Kf8 26. g5 Rxf5 27. Rxf5+
Bxf5 28. Rf1 1-0

[Event "XXV Festival Conca della Presolana A"]
[Site "Bratto - Castione della Presolana ITA"]
[Date "2005.08.20"]
[Round "1"]
[White "Capone, Vincenzo"]
[Black "Dervishi, Erald"]
[Result "1/2-1/2"]
[WhiteElo "2123"]
[BlackElo "2482"]
[PlyCount "68"]
[EventDate "2005.08.20"]

1. e4 e5 2. Nf3 Nc6 3. Bb5 a6 4. Ba4 Nf6 5. O-O Be7 6. Re1 b5 7. Bb3 d6 8. c3
O-O 9. h3 Nb8 10. d4 Nbd7 11. Nbd2 Bb7 12. Bc2 Re8 13. Nf1 Bf8 14. Ng3 g6 15.
a4 c5 16. b3 cxd4 17. cxd4 Rc8 18. axb5 axb5 19. Bb2 Qb6 20. Bd3 Bg7 21. Qd2 d5
22. Nxe5 Nxe5 23. dxe5 Nxe4 24. Nxe4 dxe4 25. Bxe4 Red8 26. Qe3 Qxe3 27. Rxe3
Bxe4 28. Rxe4 Rd3 29. Re3 Rxe3 30. fxe3 Re8 31. Ra7 Bxe5 32. Bxe5 Rxe5 33. Rb7
Rxe3 34. Rxb5 h5 1/2-1/2

[Event "XXV Festival Conca della Presolana A"]
[Site "Bratto - Castione della Presolana ITA"]
[Date "2005.08.20"]
[Round "1"]
[White "Cardili, Mariano"]
[Black "Rombaldoni, Denis"]
[Result "0-1"]
[WhiteElo "2076"]
[BlackElo "2327"]
[PlyCount "128"]
[EventDate "2005.08.20"]

1. d4 Nf6 2. c4 e6 3. Nc3 Bb4 4. e3 b6 5. Nf3 Bb7 6. Bd3 Ne4 7. Bd2 Bxc3 8.
Bxc3 Nxc3 9. bxc3 f5 10. O-O O-O 11. Qe2 Nc6 12. e4 Ne7 13. Nd2 Qe8 14. f3 f4
15. a4 e5 16. Nb3 d6 17. a5 exd4 18. cxd4 Nc6 19. c5 dxc5 20. dxc5 Ne5 21. axb6
cxb6 22. cxb6 Qe6 23. Rfb1 axb6 24. Kh1 Rad8 25. Bc2 Nc4 26. Nc5 bxc5 27. Bb3
Bd5 28. Re1 Rfe8 29. Ra2 Nb6 30. Bxd5 Nxd5 31. exd5 Qxe2 32. Rexe2 Rxe2 33.
Rxe2 Rxd5 34. Kg1 Kf7 35. Kf2 Kf6 36. g3 Re5 37. Ra2 g5 38. gxf4 gxf4 39. Ra6+
Re6 40. Ra7 Ke5 41. Rxh7 Kd4 42. Rf7 c4 43. Rxf4+ Kd3 44. Rf8 c3 45. Rc8 c2 46.
Kg3 Re1 47. Rd8+ Ke2 48. Re8+ Kf1 49. Rc8 c1=Q 50. Rxc1 Rxc1 51. h4 Ke2 52. h5
Ke3 53. Kg4 Kd4 54. Kf5 Kd5 55. h6 Rh1 56. Kg6 Ke6 57. Kg7 Ke7 58. h7 Rg1+ 59.
Kh6 Kf7 60. h8=N+ Kf6 61. Kh7 Rg7+ 62. Kh6 Rg3 63. Kh7 Rxf3 64. Kg8 Rg3+ 0-1

[Event "XXV Festival Conca della Presolana A"]
[Site "Bratto - Castione della Presolana ITA"]
[Date "2005.08.20"]
[Round "1"]
[White "Caruso, Augusto"]
[Black "Gasperoni, Stefano"]
[Result "1-0"]
[WhiteElo "2259"]
[BlackElo "2021"]
[PlyCount "85"]
[EventDate "2005.08.20"]

1. Nc3 Nf6 2. d4 d5 3. Bg5 Bf5 4. f3 h6 5. Bh4 Nbd7 6. Nxd5 Nxd5 7. e4 Ne3 8.
Qd3 Nxf1 9. exf5 Nxh2 10. Rxh2 c6 11. Ne2 Qa5+ 12. Nc3 O-O-O 13. O-O-O Nf6 14.
Kb1 Nd5 15. Nxd5 Rxd5 16. c4 Rd7 17. g4 e5 18. fxe6 fxe6 19. Re2 Be7 20. Be1
Qd8 21. Rxe6 Bf6 22. Bc3 Qc7 23. Qf5 Rhd8 24. Ba5 b6 25. Bd2 Kb7 26. Bf4 Qc8
27. Be5 Bxe5 28. Qxe5 Qc7 29. Qe4 Rd6 30. Re5 R8d7 31. b4 a6 32. Kc2 Ka7 33.
Rd3 Qd8 34. Re8 Qc7 35. b5 a5 36. f4 Rf6 37. f5 Qd6 38. a3 Kb7 39. Re6 Rxe6 40.
fxe6 Re7 41. Qxc6+ Qxc6 42. bxc6+ Kxc6 43. d5+ 1-0

[Event "XXV Festival Conca della Presolana A"]
[Site "Bratto - Castione della Presolana ITA"]
[Date "2005.08.20"]
[Round "1"]
[White "Cebalo, Miso"]
[Black "Rosin, Federico"]
[Result "1-0"]
[WhiteElo "2511"]
[BlackElo "2127"]
[PlyCount "76"]
[EventDate "2005.08.20"]

1. d4 d5 2. c4 Nc6 3. Nf3 Bg4 4. Nc3 Bxf3 5. gxf3 Nf6 6. Bg5 dxc4 7. d5 Ne5 8.
f4 Ned7 9. e4 Nb6 10. Bg2 c6 11. dxc6 bxc6 12. O-O h6 13. Bh4 Qc7 14. f5 Rd8
15. Qe2 e5 16. fxe6 fxe6 17. e5 Nfd5 18. Qh5+ Kd7 19. Bxd8 Qxd8 20. Ne4 Be7 21.
Rad1 Kc7 22. Qg4 Qg8 23. Nd6 Bxd6 24. exd6+ Kxd6 25. Rfe1 Qf7 26. Re4 Re8 27.
Bh3 Qf6 28. Qg3+ Kc5 29. Rde1 Qxb2 30. Bxe6 Rf8 31. Re5 Rf6 32. Bf5 g5 33. a4
c3 34. Qe3+ Kd6 35. Qd4 Kc7 36. a5 Nc8 37. Rxd5 cxd5 38. Qxf6 Nd6 1-0

[Event "XXV Festival Conca della Presolana A"]
[Site "Bratto - Castione della Presolana ITA"]
[Date "2005.08.20"]
[Round "1"]
[White "Cecchetto, Vanni"]
[Black "De Santis, Alessio"]
[Result "0-1"]
[WhiteElo "2019"]
[BlackElo "2251"]
[PlyCount "96"]
[EventDate "2005.08.20"]

1. Nf3 d6 2. d4 f5 3. c4 Nf6 4. g3 g6 5. Bg2 Bg7 6. Nc3 O-O 7. O-O Qe8 8. Nd5
Nxd5 9. cxd5 h6 10. Qb3 Kh7 11. Bd2 c6 12. dxc6 Nxc6 13. d5 Ne5 14. Nd4 g5 15.
Ne6 Bxe6 16. dxe6 Rb8 17. Rac1 Nc6 18. e3 Qg6 19. Bc3 f4 20. exf4 gxf4 21. Qd5
Kh8 22. Be4 Qg5 23. Qxg5 hxg5 24. Bxg7+ Kxg7 25. Bxc6 bxc6 26. Rxc6 Rxb2 27.
Ra6 Rf6 28. Rxa7 Rxe6 29. gxf4 gxf4 30. Kg2 Ree2 31. Kf3 Rxa2 32. Rxa2 Rxa2 33.
Kxf4 Kf6 34. h4 d5 35. f3 e5+ 36. Kg3 Ra3 37. Kg4 Ra8 38. Kg3 Rg8+ 39. Kf2 Kf5
40. Ra1 Rh8 41. Kg3 Rg8+ 42. Kf2 Rb8 43. Ra2 Kf4 44. Ra4+ d4 45. Ra2 Rb3 46. h5
Rxf3+ 47. Kg2 Rg3+ 48. Kh2 Rg5 0-1

[Event "XXV Festival Conca della Presolana A"]
[Site "Bratto - Castione della Presolana ITA"]
[Date "2005.08.20"]
[Round "1"]
[White "Contin, Daniel"]
[Black "Vinzoni, Andrea"]
[Result "1/2-1/2"]
[WhiteElo "2393"]
[BlackElo "2108"]
[PlyCount "81"]
[EventDate "2005.08.20"]

1. c4 e6 2. Nf3 Nf6 3. g3 d5 4. b3 Be7 5. Bg2 O-O 6. O-O b6 7. e3 Bb7 8. Bb2
Nbd7 9. Qe2 c5 10. Rd1 Qc7 11. Nc3 Rad8 12. Rac1 e5 13. cxd5 Nxd5 14. d3 Nxc3
15. Bxc3 e4 16. dxe4 Bxe4 17. Nh4 Bxg2 18. Nxg2 Bf6 19. b4 Bxc3 20. Rxc3 Ne5
21. Ne1 Rxd1 22. Qxd1 Rd8 23. Qc2 Rc8 24. bxc5 bxc5 25. Qe4 h6 26. Kg2 c4 27.
Nc2 Nd7 28. Nd4 Nf6 29. Qf3 Qc5 30. Nf5 Kh7 31. g4 Nd5 32. Rc1 c3 33. Nd4 Nf6
34. h3 Qd5 35. Rc2 Rc5 36. Qxd5 Nxd5 37. Ne2 Ra5 38. Kf3 Nb4 39. Rxc3 Rxa2 40.
Rc7 Kg8 41. Nc3 1/2-1/2

[Event "XXV Festival Conca della Presolana A"]
[Site "Bratto - Castione della Presolana ITA"]
[Date "2005.08.20"]
[Round "1"]
[White "Corvi, Marco"]
[Black "Raselli, Claudio"]
[Result "1-0"]
[WhiteElo "2317"]
[BlackElo "2063"]
[PlyCount "55"]
[EventDate "2005.08.20"]

1. c4 Nf6 2. Nc3 g6 3. g3 Bg7 4. Bg2 O-O 5. e4 d6 6. Nge2 c5 7. O-O Nc6 8. d3
a6 9. h3 Rb8 10. Be3 b5 11. cxb5 axb5 12. d4 cxd4 13. Nxd4 Nxd4 14. Bxd4 Be6
15. Nd5 Nxd5 16. exd5 Bf5 17. Bxg7 Kxg7 18. Qd4+ Kg8 19. Rfe1 Rc8 20. Qb4 Bd7
21. Bf1 Rc5 22. Qd4 Re8 23. b4 Rc7 24. Qb6 Rc8 25. Qxd8 Rcxd8 26. Rac1 e5 27.
Rc7 Re7 28. Bxb5 1-0

[Event "XXV Festival Conca della Presolana A"]
[Site "Bratto - Castione della Presolana ITA"]
[Date "2005.08.20"]
[Round "1"]
[White "D'Apa, Matteo"]
[Black "Pechy, Alaster"]
[Result "0-1"]
[WhiteElo "1995"]
[BlackElo "2168"]
[PlyCount "82"]
[EventDate "2005.08.20"]

1. d4 Nf6 2. c4 g6 3. Nc3 d5 4. cxd5 Nxd5 5. e4 Nxc3 6. bxc3 c5 7. Nf3 Bg7 8.
Be3 O-O 9. Be2 Qa5 10. Qd2 Nc6 11. Rd1 Bg4 12. O-O Rad8 13. Qb2 b6 14. e5 cxd4
15. cxd4 Qb4 16. Qxb4 Nxb4 17. h3 Be6 18. a3 Nd5 19. Ng5 Nc3 20. Rd2 Nxe2+ 21.
Rxe2 Bc4 22. Rd2 Bxf1 23. Kxf1 Rd5 24. f4 Rc8 25. Rd3 Rc2 26. g4 Rb5 27. Nf3
Rb1+ 28. Ne1 Rh2 29. Bd2 Rd1 30. Bb4 Rxd3 31. Nxd3 Rxh3 32. Ke2 e6 33. f5 gxf5
34. gxf5 Bh6 35. fxe6 fxe6 36. Nf2 Re3+ 37. Kd1 Bf8 38. Bd6 Bxd6 39. exd6 Kf7
40. a4 Ke8 41. Kd2 Ra3 0-1